[Event "DEM U16w 2014"]
[Site "Magdeburg GER"]
[Date "2014.06.08"]
[Round "1"]
[White "Bluhm, Sonja Maria"]
[Black "Bork, Sophie"]
[Result "1-0"]
[Termination "normal"]
[Board "1"]
[WhiteElo "2095"]
[BlackElo "1539"]
[WhiteClock "00:08:58"]
[BlackClock "00:07:02"]
[PlyCount "46"]
[WhiteFideId "24654027"]
[BlackFideId "12905429"]
[EventCountry "GER"]
[EventRounds "9"]
[EventType "swiss"]
[EventDate "2014.06.07"]

1. e4 e5 2. Nf3 Nc6 3. Bb5 a6 4. Ba4 f5 5. d4 exd4 6. e5 Bc5 7. O-O Nge7 8. Bb3
h6 9. c3 dxc3 10. Nxc3 Na5 11. Bc2 O-O 12. a3 Nac6 13. b4 Ba7 14. Bb3+ Kh8 15.
Bb2 Qe8 16. Re1 b5 17. Ne2 Bb7 18. Nf4 Nd8 19. e6 d6 20. Nh4 Kh7 21. Nh5 g5 22.
Ng7 Qc6 23. Nf3 Bc8 1-0

[Event "DEM U16w 2014"]
[Site "Magdeburg GER"]
[Date "2014.06.08"]
[Round "1"]
[White "Rosmait, Emily"]
[Black "Heinemann, Josefine"]
[Result "0-1"]
[Termination "normal"]
[Board "2"]
[WhiteElo "1771"]
[BlackElo "2024"]
[WhiteClock "00:00:34"]
[BlackClock "00:34:07"]
[PlyCount "60"]
[WhiteFideId "12937754"]
[BlackFideId "12900460"]
[EventCountry "GER"]
[EventRounds "9"]
[EventType "swiss"]
[EventDate "2014.06.07"]

1. e4 c5 2. Nf3 d6 3. Bb5+ Nd7 4. O-O a6 5. Bxd7+ Bxd7 6. d4 cxd4 7. Nxd4 Nf6
8. Re1 g6 9. c4 Bg7 10. Nc3 Rc8 11. Qd3 Qc7 12. b3 b5 13. Nd5 Nxd5 14. exd5
bxc4 15. Qe4 O-O 16. Bg5 f6 17. Bf4 f5 18. Qe3 Qc5 19. Rad1 Qxd5 20. Qxe7 Rce8
21. Qxd7 Rxe1+ 22. Rxe1 Qxd4 23. Qe6+ Rf7 24. Bxd6 c3 25. Qc8+ Bf8 26. Be5 Re7
27. Qxa6 Rxe5 28. Rf1 c2 29. Qc6 Qc5 30. Qxc5 Rxc5 0-1

[Event "DEM U16w 2014"]
[Site "Magdeburg GER"]
[Date "2014.06.08"]
[Round "1"]
[White "Wiesner, Paula"]
[Black "Lemke, Berfîn"]
[Result "1/2-1/2"]
[Termination "normal"]
[Board "3"]
[WhiteElo "1949"]
[BlackElo "1613"]
[WhiteClock "00:33:26"]
[BlackClock "00:06:30"]
[PlyCount "60"]
[WhiteFideId "24654019"]
[BlackFideId "1270578"]
[EventCountry "GER"]
[EventRounds "9"]
[EventType "swiss"]
[EventDate "2014.06.07"]

1. e4 c5 2. c3 d5 3. exd5 Qxd5 4. d4 cxd4 5. cxd4 Nc6 6. Nf3 e5 7. Nc3 Bb4 8.
Bd2 Bxc3 9. Bxc3 e4 10. Ne5 Nxe5 11. dxe5 Ne7 12. Qxd5 Nxd5 13. Bd4 O-O 14. Bc4
Be6 15. O-O Rfd8 16. Rfd1 a6 17. Bb3 Rac8 18. Kf1 h6 19. Re1 Bf5 20. Rad1 Nb4
21. Bb6 Rxd1 22. Rxd1 Nd3 23. Bd4 Rd8 24. Bc3 b5 25. a3 Rd7 26. Bc2 Rd5 27.
Bxd3 Rxd3 28. Rxd3 exd3 29. f4 h5 30. Kf2 Kf8 1/2-1/2

[Event "DEM U16w 2014"]
[Site "Magdeburg GER"]
[Date "2014.06.08"]
[Round "1"]
[White "Weber, Sandra"]
[Black "Zahn, Alina"]
[Result "1/2-1/2"]
[Termination "normal"]
[Board "4"]
[WhiteElo "1774"]
[BlackElo "1974"]
[WhiteClock "00:12:14"]
[BlackClock "00:16:36"]
[PlyCount "45"]
[WhiteFideId "1270049"]
[BlackFideId "24696730"]
[EventCountry "GER"]
[EventRounds "9"]
[EventType "swiss"]
[EventDate "2014.06.07"]

1. e4 e5 2. Nf3 Nc6 3. d4 exd4 4. Nxd4 Bc5 5. Nf5 g6 6. Ne3 Nf6 7. Nc3 O-O 8.
Bd3 Re8 9. O-O Bf8 10. f4 d6 11. Ned5 Nxd5 12. Nxd5 Be6 13. f5 Bxd5 14. exd5
Ne5 15. Be4 Bg7 16. c3 Qe7 17. Bc2 Qh4 18. Bf4 Nd7 19. Qd2 Be5 20. g3 Bxf4 21.
Rxf4 Qe7 22. Re4 Ne5 23. Rf1 1/2-1/2

[Event "DEM U16w 2014"]
[Site "Magdeburg GER"]
[Date "2014.06.08"]
[Round "1"]
[White "Schwarz, Larissa"]
[Black "Gatzke, Carolin"]
[Result "1/2-1/2"]
[Termination "normal"]
[Board "5"]
[WhiteElo "1895"]
[BlackElo "1726"]
[WhiteClock "00:10:23"]
[BlackClock "00:08:54"]
[PlyCount "131"]
[WhiteFideId "24699004"]
[BlackFideId "12943746"]
[EventCountry "GER"]
[EventRounds "9"]
[EventType "swiss"]
[EventDate "2014.06.07"]

1. e4 c5 2. Nf3 e6 3. c4 Nc6 4. Nc3 a6 5. Be2 Qc7 6. O-O Nf6 7. d4 cxd4 8. Nxd4
Be7 9. Be3 O-O 10. Rc1 b6 11. a3 Bb7 12. b4 Rac8 13. Nb3 d6 14. f3 Ne5 15. Na4
Nfd7 16. Qe1 Ba8 17. c5 bxc5 18. bxc5 Qa7 19. Qf2 Qb8 20. cxd6 Bxd6 21. Nbc5 a5
22. f4 Nxc5 23. Nxc5 Ng6 24. Nd7 Qb3 25. Nxf8 Rxf8 26. f5 Ne5 27. Bc5 Qb8 28.
f6 Bxe4 29. fxg7 Re8 30. Bxd6 Qxd6 31. Qc5 Qd2 32. Qxe5 Qe3+ 33. Rf2 Qxc1+ 34.
Bf1 Bd3 35. Qf6 Bg6 36. Rf3 Qc5+ 37. Kh1 Qc1 38. h3 Qd1 39. Kh2 Qd6+ 40. g3
Qd2+ 41. Rf2 Qh6 42. Qc3 Qg5 43. h4 Qd5 44. Bg2 Qd3 45. Qxa5 Be4 46. Qa4 Ra8
47. Qxe4 Qxe4 48. Bxe4 Rxa3 49. Kh3 Kxg7 50. Rf3 Rxf3 51. Bxf3 f5 52. Bd1 Kg6
53. Kg2 h5 54. Kf3 e5 55. Bc2 Kf6 56. Ke3 f4+ 57. gxf4 exf4+ 58. Kxf4 Kg7 59.
Kg5 Kg8 60. Kh6 Kh8 61. Bg6 Kg8 62. Bxh5 Kh8 63. Bg6 Kg8 64. h5 Kh8 65. Bf5 Kg8
66. Bg6 1/2-1/2

[Event "DEM U16w 2014"]
[Site "Magdeburg GER"]
[Date "2014.06.08"]
[Round "1"]
[White "Schneider, Sabrina"]
[Black "Gaßmann, Linda"]
[Result "1/2-1/2"]
[Termination "normal"]
[Board "6"]
[WhiteElo "1630"]
[BlackElo "1844"]
[WhiteClock "00:10:04"]
[BlackClock "00:07:40"]
[PlyCount "84"]
[WhiteFideId "12951986"]
[BlackFideId "12900451"]
[EventCountry "GER"]
[EventRounds "9"]
[EventType "swiss"]
[EventDate "2014.06.07"]

1. e4 c5 2. Nf3 Nc6 3. Bb5 g6 4. d4 cxd4 5. Nxd4 Bg7 6. Be3 Nf6 7. Nc3 O-O 8.
O-O a6 9. Be2 Qc7 10. Qd2 d6 11. h3 Rb8 12. a4 b6 13. f4 Bb7 14. Nxc6 Qxc6 15.
Bf3 Qc7 16. g4 Nd7 17. Bd4 e5 18. Be3 exf4 19. Bxf4 Ne5 20. Be2 Rbd8 21. Bg5 f6
22. Bh6 Bxh6 23. Qxh6 d5 24. exd5 Qc5+ 25. Kh2 Bxd5 26. Qf4 Bb7 27. Rad1 Rxd1
28. Rxd1 Kg7 29. Qd4 Rc8 30. Qxc5 Rxc5 31. Rd6 Rc6 32. Rxc6 Nxc6 33. Nd1 Nd4
34. Bd3 Kf7 35. Kg3 Ke6 36. Ne3 Kd6 37. b4 Nc6 38. c3 Ne5 39. Be2 Bc6 40. Bxa6
Bxa4 41. h4 Bd7 42. Be2 Be6 1/2-1/2

[Event "DEM U16w 2014"]
[Site "Magdeburg GER"]
[Date "2014.06.08"]
[Round "1"]
[White "Fesselier, Melissa"]
[Black "Titgemeyer, Eva Maria"]
[Result "1-0"]
[Termination "normal"]
[Board "7"]
[WhiteElo "1818"]
[BlackElo "1496"]
[WhiteClock "00:17:34"]
[BlackClock "00:03:39"]
[PlyCount "71"]
[WhiteFideId "20689284"]
[BlackFideId "24655350"]
[EventCountry "GER"]
[EventRounds "9"]
[EventType "swiss"]
[EventDate "2014.06.07"]

1. e4 e5 2. Nf3 Nc6 3. Bc4 Nf6 4. d3 Be7 5. c3 d6 6. Bb3 O-O 7. Nbd2 Bg4 8. h3
Bh5 9. Nf1 d5 10. Qe2 dxe4 11. dxe4 Bg6 12. Ng3 h6 13. Nh4 Bh7 14. Nhf5 Bc5 15.
Qf3 Na5 16. Bc2 Nc4 17. O-O Nd6 18. Rd1 a5 19. Nxd6 Bxd6 20. Nf5 Bxf5 21. Qxf5
Qe7 22. Rd3 Rfe8 23. Rf3 Nd7 24. Bb3 Rf8 25. Rg3 Kh8 26. Qg4 Rg8 27. Rf3 Rgf8
28. Qh5 Nf6 29. Qf5 a4 30. Bc4 c6 31. Bxh6 Nxe4 32. Bxg7+ Kxg7 33. Qxe4 Rh8 34.
Rxf7+ Qxf7 35. Bxf7 Kxf7 36. Rd1 1-0

[Event "DEM U16w 2014"]
[Site "Magdeburg GER"]
[Date "2014.06.08"]
[Round "1"]
[White "Alsheimer, Lea"]
[Black "Kempe, Anne"]
[Result "0-1"]
[Termination "normal"]
[Board "8"]
[WhiteElo "1663"]
[BlackElo "1805"]
[PlyCount "72"]
[WhiteFideId "12918180"]
[BlackFideId "12918083"]
[EventCountry "GER"]
[EventRounds "9"]
[EventType "swiss"]
[EventDate "2014.06.07"]

1. e4 c5 2. Nc3 Nc6 3. f4 e6 4. Nf3 d6 5. Bb5 a6 6. Bxc6+ bxc6 7. O-O Ne7 8.
Kh1 Ng6 9. d4 cxd4 10. Qxd4 c5 11. Qf2 Be7 12. f5 Ne5 13. Nxe5 dxe5 14. Be3 Qa5
15. Qg3 Bf6 16. Bg5 Qd8 17. Rad1 Qe7 18. fxe6 fxe6 19. Bxf6 gxf6 20. Qh4 Rf8
21. Rf3 Bb7 22. Rfd3 Bc6 23. Rh3 Rf7 24. Re1 Rd8 25. Qh6 Rg7 26. Qh5+ Qf7 27.
Qxf7+ Kxf7 28. Rg3 Rxg3 29. hxg3 Rd4 30. Kg1 Rd2 31. g4 Rxc2 32. Rb1 Rd2 33.
Kf1 Kg6 34. b4 Rc2 35. b5 axb5 36. Nxb5 Bxe4 0-1

[Event "DEM U16w 2014"]
[Site "Magdeburg GER"]
[Date "2014.06.08"]
[Round "1"]
[White "Manusina, Nicole"]
[Black "Silber, Stefanie"]
[Result "1-0"]
[Termination "normal"]
[Board "9"]
[WhiteElo "1871"]
[BlackElo "1404"]
[PlyCount "45"]
[WhiteFideId "24657514"]
[BlackFideId "12918245"]
[EventCountry "GER"]
[EventRounds "9"]
[EventType "swiss"]
[EventDate "2014.06.07"]

1. d4 d5 2. c4 c6 3. Nf3 Nf6 4. Nc3 e6 5. e3 Nbd7 6. Bd3 dxc4 7. Bxc4 Bd6 8.
O-O O-O 9. e4 e5 10. Bg5 Qc7 11. h3 Re8 12. d5 Be7 13. Rc1 Nf8 14. Qb3 c5 15.
Nb5 Qd8 16. d6 Bxd6 17. Bxf7+ Kh8 18. Bxe8 Qxe8 19. Nxd6 Qe7 20. Nf7+ Kg8 21.
Nh6+ Kh8 22. Bxf6 gxf6 23. Qg8# 1-0

[Event "DEM U16w 2014"]
[Site "Magdeburg GER"]
[Date "2014.06.08"]
[Round "1"]
[White "Morio, Estelle"]
[Black "Brandl, Lea Maria"]
[Result "0-1"]
[Termination "normal"]
[Board "10"]
[WhiteElo "1513"]
[BlackElo "1775"]
[PlyCount "38"]
[WhiteFideId "12951951"]
[BlackFideId "24693049"]
[EventCountry "GER"]
[EventRounds "9"]
[EventType "swiss"]
[EventDate "2014.06.07"]

1. f4 d5 2. b3 Nf6 3. Bb2 g6 4. Nf3 Bg7 5. e3 O-O 6. Be2 c5 7. O-O Nc6 8. Qe1
Bf5 9. d3 Qb6 10. Bd1 c4 11. Nd4 Nd7 12. Qc3 Nxd4 13. exd4 cxd3 14. cxd3 Rac8
15. Qd2 Bxd4+ 16. Kh1 Bxb2 17. Qxb2 Bxd3 18. Rf3 Qe6 19. Qd2 Qf6 0-1

[Event "DEM U16w 2014"]
[Site "Magdeburg GER"]
[Date "2014.06.08"]
[Round "1"]
[White "Koch, Elisabeth"]
[Black "Schmid, Katharina"]
[Result "1-0"]
[Termination "normal"]
[Board "11"]
[WhiteElo "1731"]
[BlackElo "1413"]
[PlyCount "103"]
[WhiteFideId "24695068"]
[BlackFideId "12918210"]
[EventCountry "GER"]
[EventRounds "9"]
[EventType "swiss"]
[EventDate "2014.06.07"]

1. e4 e5 2. Nf3 Nc6 3. Bc4 Nf6 4. d3 Bc5 5. c3 d6 6. Nbd2 h6 7. O-O O-O 8. Re1
Bb6 9. Nf1 Be6 10. Bb3 Re8 11. Ng3 d5 12. exd5 Bxd5 13. Ba4 e4 14. dxe4 Nxe4
15. Nxe4 Bxe4 16. Be3 Qxd1 17. Raxd1 Re6 18. Nd4 Nxd4 19. Bxd4 Rd8 20. Bxb6
Rxd1 21. Rxd1 axb6 22. f3 Bc6 23. Rd8+ Kh7 24. Bxc6 Rxc6 25. Rb8 Kg6 26. Rxb7
Kf6 27. Ra7 b5 28. Rb7 Rc5 29. Kf2 Ke6 30. Ra7 Kd7 31. a4 Rd5 32. Ke3 bxa4 33.
Rxa4 Re5+ 34. Re4 Rd5 35. Rd4 Ke6 36. Rxd5 Kxd5 37. Kd3 g5 38. b4 f5 39. c4+
Kd6 40. Kd4 c6 41. g3 h5 42. h4 g4 43. f4 Ke6 44. Kc5 Kd7 45. b5 cxb5 46. Kxb5
Kc7 47. Kc5 Kd7 48. Kb6 Kc8 49. c5 Kb8 50. c6 Ka8 51. Kc7 Ka7 52. Kd8 1-0

[Event "DEM U16w 2014"]
[Site "Magdeburg GER"]
[Date "2014.06.08"]
[Round "1"]
[White "Winterberg, Johanna"]
[Black "Nobis, Anna"]
[Result "0-1"]
[Termination "normal"]
[Board "12"]
[WhiteElo "1369"]
[BlackElo "1797"]
[PlyCount "62"]
[WhiteFideId "12929344"]
[BlackFideId "1270302"]
[EventCountry "GER"]
[EventRounds "9"]
[EventType "swiss"]
[EventDate "2014.06.07"]

1. e4 c5 2. Nc3 Nc6 3. Bb5 d6 4. d3 Bd7 5. Be3 e6 6. Qf3 Nf6 7. Nge2 Be7 8. g3
Nb4 9. Bxd7+ Nxd7 10. O-O-O Qa5 11. a3 Nc6 12. Qg4 Bf6 13. d4 c4 14. f4 d5 15.
e5 h5 16. Qf3 Be7 17. f5 Nf8 18. fxe6 fxe6 19. Rdf1 O-O-O 20. g4 h4 21. h3 Rd7
22. Rf2 b5 23. Bd2 b4 24. Nb1 Qa4 25. axb4 Nxb4 26. Bxb4 Bxb4 27. Nec3 Qa5 28.
Kd2 Qa1 29. Kc1 Rb7 30. Rhf1 Be7 31. Nd1 Bg5+ 0-1

[Event "DEM U16w 2014"]
[Site "Magdeburg GER"]
[Date "2014.06.08"]
[Round "1"]
[White "Kluge, Leyla"]
[Black "Hartmann, Jasmin"]
[Result "1-0"]
[Termination "normal"]
[Board "13"]
[WhiteElo "1702"]
[BlackElo "1329"]
[PlyCount "25"]
[WhiteFideId "12918172"]
[BlackFideId "12988898"]
[EventCountry "GER"]
[EventRounds "9"]
[EventType "swiss"]
[EventDate "2014.06.07"]

1. c4 c5 2. Nc3 Nf6 3. g3 d5 4. cxd5 Nxd5 5. Bg2 e6 6. Nxd5 exd5 7. Qb3 d4 8.
Bxb7 Bxb7 9. Qxb7 Nd7 10. Nf3 f5 11. Qd5 g6 12. Ne5 Rb8 13. Qf7# 1-0

[Event "DEM U16w 2014"]
[Site "Magdeburg GER"]
[Date "2014.06.08"]
[Round "1"]
[White "Denk, Corinna"]
[Black "Böhm, Jana"]
[Result "0-1"]
[Termination "normal"]
[Board "14"]
[WhiteElo "1221"]
[BlackElo "1773"]
[PlyCount "38"]
[WhiteFideId "12988545"]
[BlackFideId "24661589"]
[EventCountry "GER"]
[EventRounds "9"]
[EventType "swiss"]
[EventDate "2014.06.07"]

1. e4 e6 2. d4 d5 3. e5 c5 4. c3 Nc6 5. Nf3 Bd7 6. Be2 f6 7. Bf4 Qb6 8. b3 cxd4
9. Nxd4 fxe5 10. Nxc6 exf4 11. Ne5 Qc7 12. Qd4 Nf6 13. Nd2 Bd6 14. Nxd7 Qxd7
15. Nf3 O-O 16. Bd3 e5 17. Nxe5 Bxe5 18. Qb4 a5 19. Qb6 Bxc3+ 0-1

[Event "DEM U16w 2014"]
[Site "Magdeburg GER"]
[Date "2014.06.08"]
[Round "1"]
[White "Schumann, Rabea"]
[Black "Merker, Vivien"]
[Result "1-0"]
[Termination "normal"]
[Board "15"]
[WhiteElo "1680"]
[BlackElo "1221"]
[PlyCount "57"]
[WhiteFideId "12918199"]
[BlackFideId "12927260"]
[EventCountry "GER"]
[EventRounds "9"]
[EventType "swiss"]
[EventDate "2014.06.07"]

1. c4 Nf6 2. g3 g6 3. Bg2 Bg7 4. Nc3 O-O 5. e4 d6 6. Nge2 Nc6 7. O-O Bd7 8. d4
e5 9. d5 Ne7 10. Qc2 Qc8 11. Bd2 Bh3 12. b4 Bxg2 13. Kxg2 c6 14. f3 c5 15. Nb5
Rd8 16. Qb3 a6 17. Nbc3 Nd7 18. b5 Nb6 19. bxa6 Rxa6 20. a4 Na8 21. Rfb1 Rd7
22. a5 Qb8 23. Na4 Nc8 24. Ra2 b6 25. Nxb6 Naxb6 26. Rab2 Rb7 27. Qb5 Rba7 28.
Qe8+ Bf8 29. Bh6 1-0

[Event "DEM U16w 2014"]
[Site "Magdeburg GER"]
[Date "2014.06.08"]
[Round "2"]
[White "Brandl, Lea Maria"]
[Black "Bluhm, Sonja Maria"]
[Result "1/2-1/2"]
[Termination "normal"]
[Board "1"]
[WhiteElo "1775"]
[BlackElo "2095"]
[PlyCount "80"]
[WhiteFideId "24693049"]
[BlackFideId "24654027"]
[EventCountry "GER"]
[EventRounds "9"]
[EventType "swiss"]
[EventDate "2014.06.07"]

1. d4 Nf6 2. c4 g6 3. Nc3 Bg7 4. e4 d6 5. Nf3 O-O 6. Be2 Nbd7 7. O-O e5 8. Re1
Re8 9. Bf1 a6 10. Rb1 exd4 11. Nxd4 c6 12. f3 Nc5 13. Nb3 Nxb3 14. Qxb3 Nd7 15.
Be3 Nc5 16. Qc2 Ne6 17. Rbd1 Qe7 18. Qd2 Bf8 19. Bf2 h5 20. f4 Bh6 21. Be3 Bf8
22. f5 Ng7 23. fxg6 fxg6 24. Bf4 Bg4 25. Be2 Bxe2 26. Rxe2 Qe6 27. Bxd6 Qxc4
28. Bxf8 Rxf8 29. Qg5 Qf7 30. Red2 Rae8 31. Qg3 Re7 32. Rd6 Kh7 33. R6d3 b5 34.
Rf3 Qe8 35. Rxf8 Qxf8 36. Rf1 Qe8 37. a3 a5 38. b4 axb4 39. axb4 Qd8 40. Rd1
Rd7 1/2-1/2

[Event "DEM U16w 2014"]
[Site "Magdeburg GER"]
[Date "2014.06.08"]
[Round "2"]
[White "Heinemann, Josefine"]
[Black "Koch, Elisabeth"]
[Result "1-0"]
[Termination "normal"]
[Board "2"]
[WhiteElo "2024"]
[BlackElo "1731"]
[PlyCount "51"]
[WhiteFideId "12900460"]
[BlackFideId "24695068"]
[EventCountry "GER"]
[EventRounds "9"]
[EventType "swiss"]
[EventDate "2014.06.07"]

1. e4 e5 2. Nf3 Nc6 3. Bb5 a6 4. Ba4 Nf6 5. d3 Bc5 6. O-O d6 7. c3 O-O 8. Bg5
h6 9. Bh4 Ba7 10. Nbd2 Ne7 11. Bxf6 gxf6 12. Nh4 f5 13. Qh5 fxe4 14. Qxh6 Nf5
15. Nxf5 Bxf5 16. Nxe4 f6 17. Bb3+ d5 18. Ng3 Bh7 19. Rad1 Rf7 20. d4 c6 21.
Qh5 Qc7 22. Nf5 Kh8 23. Rd3 exd4 24. cxd4 Raf8 25. Rh3 Qf4 26. Nh4 1-0

[Event "DEM U16w 2014"]
[Site "Magdeburg GER"]
[Date "2014.06.08"]
[Round "2"]
[White "Nobis, Anna"]
[Black "Fesselier, Melissa"]
[Result "0-1"]
[Termination "normal"]
[Board "3"]
[WhiteElo "1797"]
[BlackElo "1818"]
[PlyCount "66"]
[WhiteFideId "1270302"]
[BlackFideId "20689284"]
[EventCountry "GER"]
[EventRounds "9"]
[EventType "swiss"]
[EventDate "2014.06.07"]

1. e4 c5 2. Nc3 Nc6 3. Nf3 e6 4. d4 cxd4 5. Nxd4 d6 6. Nxc6 bxc6 7. Bd3 Nf6 8.
O-O Be7 9. Kh1 Qc7 10. Qe2 O-O 11. f4 e5 12. f5 d5 13. Qf3 Rd8 14. Qg3 Kh8 15.
Bg5 a5 16. Qh4 Kg8 17. Rf3 Bb7 18. Rh3 Kf8 19. Bxf6 Bxf6 20. Qxh7 Ke7 21. Qh5
Rh8 22. Qf3 Rxh3 23. Qxh3 Rd8 24. Qh5 Qb8 25. g4 Rh8 26. Qxh8 Qxh8 27. Rg1 Bg5
28. Ne2 c5 29. Ng3 c4 30. Be2 dxe4 31. Rd1 Bh4 32. Kg1 Bxg3 33. hxg3 e3 0-1

[Event "DEM U16w 2014"]
[Site "Magdeburg GER"]
[Date "2014.06.08"]
[Round "2"]
[White "Böhm, Jana"]
[Black "Manusina, Nicole"]
[Result "0-1"]
[Termination "normal"]
[Board "5"]
[WhiteElo "1773"]
[BlackElo "1871"]
[PlyCount "136"]
[WhiteFideId "24661589"]
[BlackFideId "24657514"]
[EventCountry "GER"]
[EventRounds "9"]
[EventType "swiss"]
[EventDate "2014.06.07"]

1. e4 d5 2. exd5 Qxd5 3. Nc3 Qd6 4. d4 Nf6 5. Nf3 g6 6. Bc4 Bg7 7. O-O O-O 8.
Nb5 Qd8 9. Bf4 Na6 10. d5 Bd7 11. Nc3 Nc5 12. Re1 Na4 13. Nxa4 Bxa4 14. Be5 Bd7
15. Qe2 Bg4 16. Rad1 a6 17. Bc3 Bxf3 18. Qxf3 b5 19. Bf1 Re8 20. Be5 Nd7 21.
Bxg7 Kxg7 22. Qc3+ Nf6 23. Qc6 Qd6 24. Qxd6 exd6 25. Rxe8 Rxe8 26. a4 bxa4 27.
f3 Rb8 28. b3 axb3 29. cxb3 Rxb3 30. Bxa6 Rc3 31. Bb7 Nd7 32. Kf2 Rc2+ 33. Kg3
Kf6 34. Rd4 Rb2 35. Bc6 Ne5 36. Ba8 g5 37. h3 h5 38. h4 Ng6 39. hxg5+ Kxg5 40.
f4+ Kf5 41. Rc4 h4+ 42. Kh2 Nxf4 43. Rxc7 Rxg2+ 44. Kh1 Rg7 45. Rd7 Ke5 46.
Re7+ Kd4 47. Rd7 Rg6 48. Rxf7 Nxd5 49. Rf5 Nb6 50. Bb7 Rh6 51. Kh2 Nd7 52. Kh3
Nc5 53. Bg2 Nd3 54. Kg4 Ne5+ 55. Kh3 Ke3 56. Bd5 Nd3 57. Rf3+ Ke2 58. Bb7 Nf2+
59. Kh2 Rg6 60. Rf4 h3 61. Bd5 Rg5 62. Bf3+ Ke3 63. Rf7 d5 64. Rf8 d4 65. Bc6
Re5 66. Rf3+ Ke2 67. Kg1 Rg5+ 68. Kh2 Rg2# 0-1

[Event "DEM U16w 2014"]
[Site "Magdeburg GER"]
[Date "2014.06.08"]
[Round "2"]
[White "Zahn, Alina"]
[Black "Schumann, Rabea"]
[Result "1-0"]
[Termination "normal"]
[Board "6"]
[WhiteElo "1974"]
[BlackElo "1680"]
[PlyCount "125"]
[WhiteFideId "24696730"]
[BlackFideId "12918199"]
[EventCountry "GER"]
[EventRounds "9"]
[EventType "swiss"]
[EventDate "2014.06.07"]

1. e4 c5 2. Nf3 Nc6 3. d4 cxd4 4. Nxd4 g6 5. c4 Bh6 6. Nc3 Bxc1 7. Rxc1 Nf6 8.
Be2 O-O 9. O-O d6 10. Kh1 Bd7 11. h3 Qb6 12. Nb3 Rfd8 13. Nd5 Nxd5 14. exd5 Nb4
15. Ra1 Rac8 16. Nd4 Na6 17. Qd2 Qb4 18. Qxb4 Nxb4 19. a3 Na6 20. b4 Nc7 21.
Rac1 e6 22. dxe6 Nxe6 23. Nxe6 Bxe6 24. Rfd1 Kf8 25. a4 Ke7 26. Rd4 d5 27. c5
Rc7 28. Bf3 Kf6 29. Rd3 Rcd7 30. Rd4 Rc7 31. Kh2 Rcd7 32. Kg3 Bf5 33. b5 Ke5
34. Rcd1 Bc2 35. R1d2 Bb3 36. Bd1 Bc4 37. f4+ Ke6 38. Bf3 Rc7 39. Rxc4 dxc4 40.
Rxd8 Rxc5 41. Rd1 b6 42. Re1+ Kf6 43. Bd1 c3 44. Bc2 h6 45. Kf3 g5 46. fxg5+
hxg5 47. Re3 Rc7 48. g4 Rc4 49. Re4 Rc5 50. Ke3 Rd5 51. Rd4 Re5+ 52. Kd3 Rc5
53. Rc4 Rd5+ 54. Kxc3 Re5 55. Rc6+ Kg7 56. Kd4 Re2 57. Rc3 Rd2+ 58. Ke5 f6+ 59.
Ke6 Re2+ 60. Kd6 Rd2+ 61. Kc7 Re2 62. Kb7 Re7+ 63. Rc7 1-0

[Event "DEM U16w 2014"]
[Site "Magdeburg GER"]
[Date "2014.06.08"]
[Round "2"]
[White "Gatzke, Carolin"]
[Black "Wiesner, Paula"]
[Result "0-1"]
[Termination "normal"]
[Board "7"]
[WhiteElo "1726"]
[BlackElo "1949"]
[PlyCount "74"]
[WhiteFideId "12943746"]
[BlackFideId "24654019"]
[EventCountry "GER"]
[EventRounds "9"]
[EventType "swiss"]
[EventDate "2014.06.07"]

1. e4 e6 2. d3 d5 3. Nd2 c5 4. Ngf3 Nc6 5. g3 g6 6. Bg2 Bg7 7. O-O Nge7 8. Re1
O-O 9. e5 Qc7 10. Qe2 b5 11. Nf1 c4 12. dxc4 bxc4 13. Bf4 Rd8 14. c3 Na5 15. h4
Nb7 16. h5 Nc5 17. hxg6 hxg6 18. Red1 Nd3 19. N1h2 Rb8 20. Rd2 Ba6 21. Ng4 Nc6
22. Bg5 Rdc8 23. Bf6 Qb6 24. Rb1 Qc5 25. Ne1 d4 26. cxd4 Nxd4 27. Qe3 Nf5 28.
Qxc5 Rxc5 29. Nxd3 cxd3 30. Be4 Rc4 31. Bf3 Rc2 32. Rbd1 Rbxb2 33. Rxc2 dxc2
34. Rd8+ Kh7 35. Bxg7 c1=Q+ 36. Bd1 Kxg7 37. Nf6 Ne7 0-1

[Event "DEM U16w 2014"]
[Site "Magdeburg GER"]
[Date "2014.06.08"]
[Round "2"]
[White "Lemke, Berfîn"]
[Black "Schwarz, Larissa"]
[Result "0-1"]
[Termination "normal"]
[Board "8"]
[WhiteElo "1613"]
[BlackElo "1895"]
[PlyCount "68"]
[WhiteFideId "1270578"]
[BlackFideId "24699004"]
[EventCountry "GER"]
[EventRounds "9"]
[EventType "swiss"]
[EventDate "2014.06.07"]

1. d4 Nf6 2. c4 g6 3. Nf3 Bg7 4. g3 O-O 5. Bg2 d5 6. O-O Nc6 7. cxd5 Nxd5 8.
Nc3 Nb6 9. e3 Bg4 10. Qc2 Qd7 11. Rd1 Rad8 12. a3 Qc8 13. Re1 Rfe8 14. Bd2 Nc4
15. Na4 Nd6 16. Nc5 e5 17. dxe5 Nxe5 18. Nxe5 Bxe5 19. Bc3 b6 20. Nb3 Bf5 21.
Qc1 c5 22. Bxe5 Rxe5 23. Qc3 Ree8 24. Rad1 Ne4 25. Qc1 Qe6 26. Nd2 Ng5 27. Rf1
Bg4 28. Kh1 Bxd1 29. Rxd1 h5 30. Nf3 Nxf3 31. Bxf3 Rd6 32. Bg2 Red8 33. Rxd6
Qxd6 34. Bf3 Qd2 0-1

[Event "DEM U16w 2014"]
[Site "Magdeburg GER"]
[Date "2014.06.08"]
[Round "2"]
[White "Gaßmann, Linda"]
[Black "Weber, Sandra"]
[Result "1/2-1/2"]
[Termination "normal"]
[Board "9"]
[WhiteElo "1844"]
[BlackElo "1774"]
[PlyCount "84"]
[WhiteFideId "12900451"]
[BlackFideId "1270049"]
[EventCountry "GER"]
[EventRounds "9"]
[EventType "swiss"]
[EventDate "2014.06.07"]

1. d4 Nf6 2. c4 g6 3. Nc3 Bg7 4. e4 d6 5. Nf3 O-O 6. Be2 e5 7. Be3 Nc6 8. d5
Ne7 9. Nd2 Ne8 10. Qc2 f5 11. f3 Nf6 12. h3 Nh5 13. O-O-O fxe4 14. fxe4 Ng3 15.
Rhe1 Nxe2+ 16. Rxe2 a6 17. Kb1 b6 18. b4 a5 19. a3 axb4 20. axb4 Bd7 21. Ree1
Kh8 22. Rf1 Ng8 23. Rxf8 Qxf8 24. g4 Qe7 25. Rh1 Bh6 26. Bxh6 Nxh6 27. Rc1 Nf7
28. Nb5 Bxb5 29. cxb5 Ra7 30. Kb2 Ng5 31. Qd3 Kg7 32. Rh1 h6 33. h4 Nh7 34. Nf1
Ra8 35. Ng3 Nf6 36. h5 Nxg4 37. hxg6 Kxg6 38. Nf5 Qg5 39. Qe2 h5 40. Ng3 Rh8
41. Nf5 Qf4 42. Rg1 Kh7 1/2-1/2

[Event "DEM U16w 2014"]
[Site "Magdeburg GER"]
[Date "2014.06.08"]
[Round "2"]
[White "Schmid, Katharina"]
[Black "Rosmait, Emily"]
[Result "0-1"]
[Termination "normal"]
[Board "11"]
[WhiteElo "1413"]
[BlackElo "1771"]
[PlyCount "64"]
[WhiteFideId "12918210"]
[BlackFideId "12937754"]
[EventCountry "GER"]
[EventRounds "9"]
[EventType "swiss"]
[EventDate "2014.06.07"]

1. e4 d6 2. d4 Nf6 3. Bd3 g6 4. Nf3 Bg7 5. Bf4 O-O 6. O-O c6 7. c3 Nh5 8. Be3
Nd7 9. Nbd2 Qc7 10. Re1 e5 11. Qc2 c5 12. Rac1 Nb6 13. Nc4 Nxc4 14. Bxc4 a6 15.
h3 b5 16. Bd5 Rb8 17. c4 exd4 18. Bd2 Nf6 19. e5 Nxd5 20. cxd5 dxe5 21. Qxc5
Qxc5 22. Rxc5 f6 23. Rec1 Bb7 24. Bb4 Rfd8 25. Nd2 Bf8 26. Ne4 Bxc5 27. Rxc5 f5
28. Ng5 Bxd5 29. b3 Rbc8 30. Rxc8 Rxc8 31. Bd6 d3 32. Bb4 e4 0-1